Opposites - Statistics

General Stats
  • This quiz has been taken 72 times
  • The average score is 17 of 18
Answer Stats
Hint Answer % Correct
Up Down
98%
Left Right
98%
Horizontal Vertical
98%
Life Death
97%
Cold Hot
97%
Awake Asleep
95%
Shallow Deep
95%
Like Hate
95%
Appropriate Inappropriate
95%
Under Over
95%
Fast Slow
95%
Big Small
95%
Light Dark
93%
Enter Leave
93%
Positive Negative
93%
Short Tall
93%
Skinny Fat
92%
Sun Moon
87%
No matching quizzes found
Score Distribution
Percent of People with Each Score
Percentile by Number Answered
Your Score History
You have not taken this quiz